Statistiques concernant Tintin et la Grèce

Cliquez ici pour prendre le quiz!

Statistiques générales

  • Ce quiz a été pris 42 fois
  • Le résultat moyen est 12 sur 16

Statistiques - réponses

QuestionsRéponses% Correct
Oiseau de proie avec lequel le précédent est souvent représenté, d'où son surnom "L'___ de Patmos".L'Aigle
100%
Pays fictif où sera lancée la fusée lunaire de Tournesol. Dupond et Dupont font irruption sur la base aérospatiale en costume traditionnel grec car mal renseignés par le costumier alors qu'ils cherchaient un costume traditionnel local.La Syldavie
97%
Ennemi de Tintin qui, d'après Hergé, "est plus ou moins grec levantin [...], de toute façon apatride, c'est-à-dire (de mon point de vue à l'époque) sans foi ni loi !…Un détail encore : il n'est pas juif !"Roberto Rastapopoulos
97%
Scientifique grec antique connu pour sa "poussée", la force particulière que subit un corps placé entièrement ou partiellement dans un fluide (liquide ou gaz) et soumis à un champ de gravité.

Dans le film "Tintin et le Mystère de la Toison d'or", Tournesol le cite comme l'un de ses illustres devanciers dont il s'efforce de se montrer digne.
Archimède
89%
Capitale de la Grèce et première escale de la Toison d'or en provenance d'Istanbul.Athènes
89%
Saint et auteur biblique qui écrivit l'Apocalypse depuis l'île grecque de Patmos dans l'archipel du Dodécanèse. C'est devant sa statue que Tintin découvrit le trésor de Rackham le Rouge.Saint Jean
87%
Danse traditionnelle grecque à laquelle se joint Haddock dans le film "Tintin et le Mystère de la Toison d'or" de Jean-Jacques Vierne.Le sirtaki
74%
Port de cette capitale où accoste la Toison d'or.Le Pirée
71%
Boisson alcoolisée anisée grecque. Son degré alcoolique est compris entre 38 et 50 degrés, voire plus.

Le Capitaine Haddock en boit volontiers chez Midas Papos dans le film "Tintin et le Mystère de la Toison d'or".
L'ouzo
71%
Richissime armateur grec, concubin de La Callas puis marié à la veuve du Président Kennedy. Il est cité par Laszlo Carreidas comme son concurrent pour l'achat de plusieurs tableaux d'artistes célèbres.Aristote Onassis
68%
Chien de la mythologie païenne grecque accompagnant Orion. Il a donné son nom au bateau que commande le Capitaine Chester dans "L'Étoile mystérieuse" et qu'il a généreusement loué à Haddock dans "Le Trésor de Rackham le Rouge". Il a enfin donné son nom au premier navire transatlantique à propulsion mixte lancé en 1837.Sirius
63%
Fils du roi de Tirynthe Alcée, époux d’Alcmène (la fille du Roi de Mycènes, Électryon) et père d’Iphiclès. Également figure d'une pièce de Molière. Dans le langage courant, il désigne l’hôte qui offre à dîner.

Il est également une insulte du Capitaine Haddock dans Tintin au Tibet (pl. 26) : Amp_____.
Amphitryon
61%
Homme d'État athénien, grand adversaire du roi de Macédoine Philippe II, au travers notamment de ses quatre Philippiques. Il est considéré comme l'un des plus grands orateurs de l'Antiquité.

Dupond le cite au téléphone (dans "Les Sept Boules de cristal") pour bien préciser qu'il s'agit de Dupond avec D comme D_______.
Démosthène
58%
Peuple mentionné dans divers endroits par de nombreux géographes et historiens grecs et romains comme Hérodote par exemple. Dans le vocabulaire courant, il désigne un être vivant habitant une caverne ou une demeure creusée dans la roche ou dans des grottes naturelles.

Il est également une insulte du Capitaine Haddock dans "Le Crabe aux pinces d'or", "L'Affaire Tournesol" ou encore dans "Coke en stock".
Troglodyte
58%
Philosophe grec considéré comme matérialiste en raison de sa conception d'un univers constitué d'atomes et de vide.

Dupond le cite au téléphone (dans "Les Bijoux de la Castafiore") pour bien préciser qu'il s'agit de Dupond avec D comme D_______.
Démocrite
42%
Région agricole du centre de la Grèce dont la capitale est Larissa et au nord de laquelle on trouve les Météores, avec des monastères perchés au sommet de falaises et pitons rocheux gris, sculptés par l'érosion. Tintin et Haddock doivent monter vers l'un d'entre eux dans le film "Tintin et le Mystère de la Toison d'or.La Thessalie
39%

Distribution des résultats

Percentile par nombre de réponses

% des personnes avec chaque résultat

Votre développement - résultats

Vous n’avez pas pris ce quiz